00381 a2200133 450000500170000002000180001708200120003510000140004724500560006125000120011726000310012930000680016070000190022820250627065041.0 a0-256-05825-3 a337 BAL aBALL. D.A aInternational Business: Introduction and Essentials a3rd Ed. aILLINOISbIrwin, Incc1988 axvi; 897Pages; Appendix; Glossarybillustration; Picturesc24cm aMcCULLOCH W.H